000 01072cam a22002771 4500
001 000011550
005 20200929162503.0
008 810828s1943 mx ab b 000 0 spa c
010 _aa 45003191
035 _a(OCoLC)7712562
040 _aDO-SdBNP
_cWaU
_dWaU
_dDLC
042 _apremarc
043 _ae-sp---
050 0 0 _aTP997
_b.T6
100 2 _aTomeo Lacrue, Mariano.
_927328
245 1 0 _aTemas forestales, /
_cpor Mariano Tomeo Lacrue
_cPrologo del excmo. sr. d. Jose Ibanez Martin.
260 _aZaragoza, :
_bArtes graficas E. Berdejo Casanal,
_c1943.
300 _a219, [2] p. :
_billus. (incl. maps) tables, diagrs. ;
_c22 cm.
500 _aAt head of title: Consejo superior de investigaciones cientificas. Delegacion de Zaragoza.
504 _aIncludes bibliographies.
650 0 _aForests and forestry
_zSpain.
_927329
650 0 _aWood
_xChemistry.
_927330
650 0 _aForest products
_zSpain.
_927331
710 2 _aConsejo Superior de Investigaciones Cientificas (Spain).
_bDelegacion de Zaragoza.
_927332
910 _aCatalogación por copia / LC
999 _c11245
_d11245